000 00406nam a2200169Ia 4500
003 GCL
008 140319s9999 xx 000 0 eng d
040 _aGCL /
_cGCL
082 0 4 _a759
_bB P \\=aBAIRATI, ELEONORAv
245 1 0 _aPIERO DELLA A FRANCESCA
260 _a[S.N] :
_bCRESCENT BOOKS ،
_c1991
300 _a98
650 0 4 _aARTS
650 0 4 _aPAINTING
650 0 4 _aPAINTERS
942 _2ddc
_cBK
999 _c18799
_d18799